Economic and commercial geography (Record no. 6030)
[ view plain ]
| 000 -LEADER | |
|---|---|
| fixed length control field | 00489cam a2200193ua 4500 |
| 001 - CONTROL NUMBER | |
| control field | 6889 |
| 005 - DATE AND TIME OF LATEST TRANSACTION | |
| control field | 20260515114125.0 |
| 008 - FIXED-LENGTH DATA ELEMENTS--GENERAL INFORMATION | |
| fixed length control field | 140304n ii |||gr||||Z||||||eng |
| 040 ## - CATALOGING SOURCE | |
| Transcribing agency | MAIN |
| 082 ## - DEWEY DECIMAL CLASSIFICATION NUMBER | |
| Classification number | 657 |
| 245 ## - TITLE STATEMENT | |
| Title | Economic and commercial geography |
| Statement of responsibility, etc. | By P.C. Bordoloi |
| 250 ## - EDITION STATEMENT | |
| Edition statement | 2nd ed. |
| 260 ## - PUBLICATION, DISTRIBUTION, ETC. | |
| Place of publication, distribution, etc. | Guwahati: |
| Name of publisher, distributor, etc. | Barua agency, |
| Date of publication, distribution, etc. | 1986. |
| 300 ## - PHYSICAL DESCRIPTION | |
| Extent | x,332p. |
| 653 ## - INDEX TERM--UNCONTROLLED | |
| Uncontrolled term | Commerce |
| 653 ## - INDEX TERM--UNCONTROLLED | |
| Uncontrolled term | Economic and commercial geography |
| 700 ## - ADDED ENTRY--PERSONAL NAME | |
| Personal name | Bordoloi,P.C., |
| Relator term | Author. |
| 942 ## - ADDED ENTRY ELEMENTS (KOHA) | |
| Koha item type | Books |
| Withdrawn status | Lost status | Damaged status | Not for loan | Home library | Current library | Shelving location | Date acquired | Total checkouts | Full call number | Barcode | Date last seen | Copy number | Price effective from | Koha item type |
|---|---|---|---|---|---|---|---|---|---|---|---|---|---|---|
| Naharkatiya College Library | Naharkatiya College Library | General stacks | 09/19/2020 | 657 | BOR | 14032 | 09/19/2020 | 1 | 09/19/2020 | Books |